000 00408nam a2200133Ia 4500
008 151001s9999||||xx |||||||||||||| ||und||
100 _aशारदाकुमार शिर्सेकर
245 _aदीप तुझ्या वंशाचा
250 _a2
260 _bत्रिदल प्रकाशन मुंबई
260 _c1977
300 _a94
365 _b18
999 _c981727
_d981724